000 01502nam0a22002531 4500
001 rc\2582801
005 20260406091657.0
035 _a(NLR Aleph) 006747233
090 _a5706780
_c5706780
100 _a20110914d1927 |||y0rusy50 ca
101 0 _arus
102 _aRU
105 _aabe z |||c|
200 1 _aРека Сулак и перспективы снабжения электрической энергией Баку и Грозного с промыслами и Дагестанской промышленности
_e(Краткий очерк, составленный по данным изысканий с мая по октябрь 1927 г.)
_fСоставил инж. Н. И. Анисимов
_gД.С.С.Р. Нар. ком. промышл. и торг. Отд. электрификации
210 _a[Махачкала]
_cНар. ком. промышл. и торг. Д.С.С.Р.
_d1927
_e[Москва]
_gМосполиграф - тип. "Заря коммунизма"
215 _a40 с., [1] вклад. л. план.
_cил., черт., граф., карт.
_d26х18 см.
300 _aПредисловие: Нажмуддин Самурский (Эфендиев)
700 1 _4070
_7ca
_8rus
_aАнисимов
_bН. И.
_cинженер-гидростроитель
_gНиколай Иванович
_92671071
_3RU\NLR\AUTH\770282269
801 0 _aRU
_bNLR
_gpsbo
801 1 _aRU
_bELAR
_2rusmarc
852 _aNLR
_j37.66.5.129
942 _cBOOK
980 _aNB